00564nam a22001937a 450000500170000001000150001702000260003203500140005803700090007208200150008110000140009624500400011025000060015026000400015627001340019630000200033070000140035076000060036420260319114501.0 aENG-147941 a9789349001602c275.00 aEN-131473 bDBAD a610.69621 aJha Suraj aAnti National/cSuraj Jha hEnglish a1 aPunebVishwakarma Publicationc2025 a34A/1, Suyog Center7th Floor, Gultekadi Marketyard Road, Giridhar Bhavan Chowk, Pune: 411037, Maharashtra, India.b Pune e411037 a183p.c22cm(Pb) aJha Suraj b1